000 00461nam a2200145Ia 4500
003 OSt
005 20260130122633.0
008 211028s2018 xx 000 0 und d
040 _cAIMIT LIBRARY
041 _aeng
100 _aRamchandra, Shirurkar Ruthuja; Baretto, Royce.
_g1616185
_97938
245 _aProject report on absenteeism and labour turnover at Mathoshri traders and furnitures /
260 _aMangalore
_bRavi Kudtarkar.
_c2018
942 _2ddc
_cPRO
999 _c219506
_d219506